| Tag |
First Indicator |
Second Indicator |
Subfields |
| LEADER |
00000cam a2200000 a 4500 |
| 001 |
in00001406095 |
| 005 |
20151020072412.0 |
| 008 |
970916s1997 ne a b 101 0 eng c |
| 010 |
|
|
|a 97041298
|
| 015 |
|
|
|a GB97-65905
|
| 019 |
|
|
|a 37829173
|
| 020 |
|
|
|a 0792348214 (alk. paper)
|
| 035 |
|
|
|a (OCoLC)37696603
|
| 035 |
|
|
|9 AHQ2837AM
|
| 040 |
|
|
|a DNLM/DLC
|c DLC
|d NLM
|d UKM
|d TXA
|d UtOrBLW
|
| 049 |
|
|
|a TXAM
|
| 050 |
0 |
0 |
|a QP535.M4
|b M364 1997
|
| 060 |
0 |
0 |
|a 1998 D-167
|
| 060 |
1 |
0 |
|a QV 278
|b M196 1997
|
| 069 |
0 |
|
|a 9714859
|
| 082 |
0 |
0 |
|a 572/.52392
|2 21
|
| 245 |
0 |
0 |
|a Magnesium :
|b current status and new developments : theoretical, biological, and medical aspects /
|c edited by Theophile Theophanides and Jane Anastassopoulou.
|
| 264 |
|
1 |
|a Dordrecht [Netherlands] ;
|a Boston :
|b Kluwer Academic,
|c [1997]
|
| 264 |
|
4 |
|c ©1997
|
| 300 |
|
|
|a xiii, 425 pages :
|b illustrations ;
|c 25 cm.
|
| 336 |
|
|
|a text
|b txt
|2 rdacontent
|
| 337 |
|
|
|a unmediated
|b n
|2 rdamedia
|
| 338 |
|
|
|a volume
|b nc
|2 rdacarrier
|
| 504 |
|
|
|a Includes bibliographical references and indexes.
|
| 500 |
|
|
|a Lectures and posters delivered at the 8th International Symposium on Magnesium, in Heraklion, Crete, 5-9 Oct. 1997.
|
| 650 |
|
0 |
|a Magnesium
|x Physiological effect
|x Congresses.
|
| 650 |
|
0 |
|a Magnesium in the body
|x Congresses.
|
| 650 |
1 |
2 |
|a Magnesium
|v congresses.
|
| 700 |
1 |
|
|a Theophanides, Theo M.
|
| 700 |
1 |
|
|a Anastassopoulou, Jane.
|
| 711 |
2 |
|
|a International Symposium on Magnesium
|n (8th :
|d 1997 :
|c Hērakleion, Greece)
|
| 948 |
|
|
|a c:cer
|
| 999 |
|
|
|a MARS
|
| 999 |
f |
f |
|s ebb3edb0-03a6-3a6a-9af7-440f66dd9c50
|i 220c3751-bfd6-3310-886c-78df9669c444
|t 0
|
| 952 |
f |
f |
|p ric
|a Texas A&M University
|b Rellis Campus
|c Joint Library Facility
|d Remote Storage
|t 0
|e QP535.M4 M364 1997
|h Library of Congress classification
|i unmediated -- volume
|m A14822563592
|
| 998 |
f |
f |
|a QP535.M4 M364 1997
|t 0
|l Remote Storage
|